000 00506nam a2200193Ia 4500
003 LK-CoDNM
005 20240807152938.0
008 010623t1852 xxu||||| |||| 00| 1 eng d
040 _aLK-CoDNM
_dLK-CoDNM
_eLK-CoDNM
041 _aeng
080 _a16
_bU15
100 _aRussell,Joshua.
245 _aJournal of a Tour in Ceylon and India
260 _bHoulston and Stoneman
_aLondon
_c1852
300 _bxiv, 302p. ; ill ; 19 cm
650 _aMissionary Society
650 _aVenice
942 _cBK
999 _c81324
_d81324